Japan and a new world economic order
Kaydedildi:
| Yazar: | |
|---|---|
| Materyal Türü: | Kitap |
| Dil: | Undetermined |
| Baskı/Yayın Bilgisi: |
Boulder, Colo.
Westview Press
1977
|
| Konular: | |
| Etiketler: |
Etiketle
Etiket eklenmemiş, İlk siz ekleyin!
|
| Thư viện lưu trữ: | Trung tâm Học liệu Trường Đại học Cần Thơ |
|---|
| LEADER | 00536nam a2200193Ia 4500 | ||
|---|---|---|---|
| 001 | CTU_97138 | ||
| 008 | 210402s9999 xx 000 0 und d | ||
| 082 | |a 338.952 | ||
| 082 | |b K79 | ||
| 100 | |a Kiyoshi Kojima | ||
| 245 | 0 | |a Japan and a new world economic order | |
| 245 | 0 | |c Kiyoshi Kojima | |
| 260 | |a Boulder, Colo. | ||
| 260 | |b Westview Press | ||
| 260 | |c 1977 | ||
| 650 | |a Japan,Japan | ||
| 650 | |x Economic policy,Foreign economic relations | ||
| 904 | |i M.Loan | ||
| 980 | |a Trung tâm Học liệu Trường Đại học Cần Thơ | ||